Score 0/12 Timer 03:00
2 Plays Today
Question Answer Wrong Answers
Audience seating
Circular tables, banquet style
Golden Globes
82.3%
Academy Awards
9.4%
Presented by
Academy of Motion Picture Arts and Sciences
Academy Awards
81%
Golden Globes
10.4%
Awarded for
Excellence in film and television
Golden Globes
80.8%
Academy Awards
10.5%
First awarded
1929
Academy Awards
80.4%
Golden Globes
11.4%
Audience seating
Theater style
Academy Awards
79.2%
Golden Globes
12.2%
Awarded for
Excellence in the American film industry
Academy Awards
76.7%
Golden Globes
15.2%
Presented by
Hollywood Foreign Press Association
Golden Globes
76.6%
Academy Awards
15.9%
First awarded
1944
Golden Globes
76%
Academy Awards
14.9%
Television coverage
NBC
Golden Globes
70.3%
Academy Awards
20.5%
Television coverage
ABC
Academy Awards
67.4%
Golden Globes
24.7%
Original venue
20th Century Fox Studios
Golden Globes
60.4%
Academy Awards
31.3%
Original venue
Hollywood Roosevelt Hotel
Academy Awards
60.1%
Golden Globes
31.4%
Remove Ads.
Support Sporcle.
Get the best of Sporcle when you Go Orange. This ad-free experience offers more features, more stats, and more fun while also helping to support Sporcle. Thank you for becoming a member.

You're not logged in!

Compare scores with friends on all Sporcle quizzes.
OR
Log In

Show Comments

Extras

Top Quizzes Today


Score Distribution

Your Account Isn't Verified!

In order to create a playlist on Sporcle, you need to verify the email address you used during registration. Go to your Sporcle Settings to finish the process.

Report this User

Report this user for behavior that violates our Community Guidelines.

Details: